| 000 | 01224nam a22002537a 4500 | ||
|---|---|---|---|
| 005 | 20110405104930.0 | ||
| 010 | _aB-423725 | ||
| 020 |
_a9788173053474 _c3500.00 |
||
| 020 |
_a8173053472 _c3500.00 |
||
| 035 | _aB-423725 | ||
| 037 |
_bDPL _aAllied Publishers |
||
| 082 | 0 | 0 | _a709.58 |
| 245 | 1 | 4 |
_aThe art of Central Asia and the Indian subcontinent in cross-cultural perspective / _cedited by Anupa Pande editorial assistance, Mandira Sharma |
| 260 |
_aNew Delhi : _bNational Museum Institute [and] Aryan Books International, _c2009. |
||
| 270 |
_aPooja Apartments, 4B, Ansari Road, Darya Ganj _bNew Delhi _e110002 |
||
| 300 |
_aix, 250p. _bill., maps _c30cm. (Hb) |
||
| 700 | 1 |
_aPande, Anupa, _927047 |
|
| 700 | 1 |
_aSharma, Mandira. _927048 |
|
| 710 | 2 |
_aNational Museum Institute (New Delhi, India) _927049 |
|
| 942 |
_2ddc _cEN _h709.58 _mART |
||
| 999 |
_c51423 _d51423 |
||